Southville International School and Colleges
Your cart is empty.
  • Cart
  • Lists
    Public lists Eva Luna New books Lux_list list_1
    Your lists Log in to create your own lists
  • Log in to your account
  • Your cookies
  • Search history
Southville International School and Colleges
  • Advanced search
  • Recent comments
  • Most popular
  • Libraries

Log in to your account

Log in with GOOGLE


If you do not have an external account, but do have a local account, you can still log in:

  1. Home
  2. MARC view: Emperor's new clothes (The) /
Normal view MARC view ISBD view

Emperor's new clothes (The) / (Record no. 111242)

[ view plain ]
MARC details
000 -LEADER
fixed length control field 00468nam a2200181 a 4500
001 - CONTROL NUMBER
control field 0502
005 - DATE AND TIME OF LATEST TRANSACTION
control field 20140414131911.0
008 - FIXED-LENGTH DATA ELEMENTS--GENERAL INFORMATION
fixed length control field 040117s19uu xx 00 eng d
020 ## - INTERNATIONAL STANDARD BOOK NUMBER
International Standard Book Number 0-7214-0625-4
050 ## - LIBRARY OF CONGRESS CALL NUMBER
Classification number ER
Item number Em7 1985
100 ## - MAIN ENTRY--PERSONAL NAME
Personal name Bradburry, Lynne
245 ## - TITLE STATEMENT
Title Emperor's new clothes (The) /
Statement of responsibility, etc Lynne Bradburry.
260 ## - PUBLICATION, DISTRIBUTION, ETC. (IMPRINT)
Place of publication, distribution, etc England :
Name of publisher, distributor, etc Ladybird,
Date of publication, distribution, etc 1985.
300 ## - PHYSICAL DESCRIPTION
Extent 51 p. ; cm.
440 ## - SERIES STATEMENT/ADDED ENTRY--TITLE
Title Well loved tales
650 ## - SUBJECT ADDED ENTRY--TOPICAL TERM
Topical term or geographic name as entry element Folklore.
Holdings
Withdrawn status Lost status Damaged status Use restrictions Home library Current library Shelving location Date acquired Source of acquisition Total Checkouts Full call number Barcode Date last seen Price effective from Koha item type
        Munich Library Munich Library Easy Reading Section 01/17/2004     ER Em7 1985 M1863 04/14/2014 04/14/2014 Books

Emperor's new clothes (The) /

APA

Bradburry L., . (1985). Emperor's new clothes (The). England: Ladybird.

Chicago

Bradburry Lynne, . 1985. Emperor's new clothes (The). England: Ladybird.

Harvard

Bradburry L., . (1985). Emperor's new clothes (The). England: Ladybird.

MLA

Bradburry Lynne, . Emperor's new clothes (The). England: Ladybird. 1985.

  • Place hold
  • Print
  • Cite
  • Add to your cart (remove)
  • Save record
    BIBTEX Dublin Core MARCXML MARC (non-Unicode/MARC-8) MARC (Unicode/UTF-8) MARC (Unicode/UTF-8, Standard) MODS (XML) RIS
  • More searches
    Search for this title in:
    Other Libraries (WorldCat) Other Databases (Google Scholar) Online Stores (Bookfinder.com) Open Library (openlibrary.org)

Exporting to Dublin Core...

SOUTHVILLE LIBRARY

Southville International School and Colleges Library

1281 Tropical Ave. Cor. Luxembourg St., BF Homes International, Las Pinas City

Tel. No. 8256374 / 252358 Loc. 117/146

Powered by Koha